|
|
|
|
| LEADER |
00942cam a2200265 7i4500 |
| 001 |
0000050045 |
| 005 |
20221104090000.0 |
| 020 |
|
|
|a 9781292092713 (electronic book)
|
| 020 |
|
|
|a 9780133856460 (hbk.)
|
| 020 |
|
|
|a 0133856461 (hbk.)
|
| 090 |
0 |
0 |
|a HF5415.13
|b .K68 2016
|
| 100 |
1 |
|
|a Kotler, Philip
|
| 245 |
1 |
0 |
|a Marketing management
|c Philip Kotler, Kevin Lane Keller.
|
| 250 |
|
|
|a 15th ed.
|
| 260 |
|
|
|a Boston:
|b Pearson Education,
|c 2016.
|
| 300 |
|
|
|a xxii, 692 p.:
|b col. ill.;
|c 28 cm.
|
| 650 |
0 |
0 |
|a Marketing --
|x Management
|
| 700 |
1 |
|
|a Keller, Kevin Lane
|
| 856 |
4 |
2 |
|u http://library.unisel.edu.my/web/guest/mylibrary
|
| 997 |
|
|
|a Centre for Graduate Studies
|
| 997 |
|
|
|a Business & Accountancy, Faculty
|
| 998 |
|
|
|a Marketing, Degree
|
| 999 |
|
|
|a 0000058407
|b BOK
|c OPEN SHELF
|e 1st Floor, Shah Alam
|
| 999 |
|
|
|a 0000058408
|b BOK
|c OPEN SHELF
|e 1st Floor, Shah Alam
|
| 999 |
|
|
|a 0000058409
|b BOK
|c OPEN SHELF
|e 1st Floor, Shah Alam
|